000 00211nam a22000857a 4500
008 170118b xxu||||| |||| 00| 0 eng d
100 _92474
_aHollingsworth.A.
245 _aGroeing Orchids is Feen
260 _aUSA
_c1988
999 _c5538
_d5538